000 00637nam a2200241Ia 4500
003 OSt
005 20221007065054.0
006 a|||||r|||| 00| 0
007 ta
008 221006b |||||||| |||| 00| 0 eng d
024 _a3,179
037 _cTextual
040 _aFLL
_cFLL
_beng
041 _2eng
_aeng
082 _aZq2, 1973
100 _aLingat Robert
245 0 _aThe classical law of india
260 _aDelhi
_bThomson press limited India
_c1973
300 _a305
_ccm.
650 _aThe classical law of india
_9686614
942 _hZq2, 1973
_cTEXL
_2CC
999 _c1136212
_d1136212